000 00483nam a2200169Ia 4500
999 _c5789
_d5789
003 OSt
005 20200127114608.0
008 190216s9999||||xx |||||||||||||| ||und||
040 _coclc
082 _a338.5024658
_bSAN/M
100 _aSankaran, S
_9495
245 0 _aManagerial Economics /
_cS Sankaran
250 _a4th ed.
260 _bMaragham Publications,
_c1999.
_aChennai:
300 _a625p
942 _cBK
_2ddc
_h338.5024658
_iSAN/M
_k338.5024658
_mSAN/M